| 000 | 01084cam a2200289 i 4500 | ||
|---|---|---|---|
| 999 |
_c1411 _d1411 |
||
| 003 | OSt | ||
| 005 | 20200806092333.0 | ||
| 008 | 130930s2014 nyua b 001 0 eng | ||
| 020 | _a9780415661775 (pbk.) | ||
| 020 | _z9780203385210 (eBook) | ||
| 040 |
_aDLC _cKABLIB _dKABLIB |
||
| 082 | 0 | 0 |
_a686.225 _223 _bRUB |
| 100 | 1 |
_aRubin, Mira. _94125 |
|
| 240 | _abridging the gap between print & digital publishing / | ||
| 245 | 1 | 0 |
_aInteractive InDesign CC : _bbridging the gap between print & digital publishing / _cMira Rubin. |
| 260 |
_aNew York : _bFocal Press, _cc2014 |
||
| 264 | 1 |
_aNew York : _bFocal Press, _c2014. |
|
| 300 |
_axxix, 575 pages : _billustrations ; _c25 cm |
||
| 500 | _aIncludes index. | ||
| 504 | _aIncludes bibliographical references. | ||
| 630 | 0 | 0 |
_aAdobe InDesign (Electronic resource) _94126 |
| 650 | 0 |
_aDesktop publishing. _94127 |
|
| 650 | 0 |
_aGraphic design (Typography) _94128 |
|
| 650 | 0 |
_aInteractive multimedia _xDesign. _94129 |
|
| 942 |
_2ddc _cBOOK |
||